[Event "WCO2014"]
[Site "Tromso"]
[Date "2014.08.03"]
[Round "2.4"]
[WhiteID "6302661"]
[White "Topel Zehra"]
[BlackID "1705385"]
[Black "Horn Emilia"]
[Result "1-0"]
[LiveChessVersion "1.4.3"]
[BlackElo "2000"]
[WhiteElo "2156"]

1. d4 {[%clk 1:30:45]} d5 {[%clk 1:30:54]} 2. Nf3 {[%clk 1:31:06]} c6
{[%clk 1:31:12]} 3. e3 {[%clk 1:29:00]} Nf6 {[%clk 1:29:04]} 4. c4
{[%clk 1:29:10]} a6 {[%clk 1:28:45]} 5. Nc3 {[%clk 1:26:47]} b5 {[%clk 1:28:51]}
6. b3 {[%clk 1:22:05]} Bg4 {[%clk 1:23:08]} 7. Be2 {[%clk 1:22:00]} e6
{[%clk 1:16:36]} 8. Ne5 {[%clk 1:19:02]} Bxe2 {[%clk 1:13:14]} 9. Nxe2
{[%clk 1:14:20]} Bb4+ {[%clk 1:09:59]} 10. Kf1 {[%clk 1:05:36]} Nfd7
{[%clk 0:48:46]} 11. Nd3 {[%clk 0:54:33]} Be7 {[%clk 0:42:35]} 12. Qc2
{[%clk 0:53:23]} O-O {[%clk 0:33:51]} 13. Bb2 {[%clk 0:53:20]} bxc4
{[%clk 0:32:45]} 14. bxc4 {[%clk 0:49:41]} Nb6 {[%clk 0:27:17]} 15. c5
{[%clk 0:46:34]} Nc4 {[%clk 0:27:08]} 16. Bc3 {[%clk 0:46:52]} Qc7
{[%clk 0:22:02]} 17. g3 {[%clk 0:40:57]} Nd7 {[%clk 0:22:18]} 18. Kg2
{[%clk 0:41:15]} e5 {[%clk 0:19:38]} 19. Qa4 {[%clk 0:40:09]} f5 {[%clk 0:18:11]}
20. Rhb1 {[%clk 0:35:45]} e4 {[%clk 0:15:16]} 21. Nb4 {[%clk 0:34:47]} Rf6
{[%clk 0:15:30]} 22. Nf4 {[%clk 0:34:44]} Rh6 {[%clk 0:04:05]} 23. Nbxd5
{[%clk 0:28:38]} cxd5 {[%clk 0:04:19]} 24. Nxd5 {[%clk 0:29:01]} Nxe3+
{[%clk 0:03:48]} 25. fxe3 {[%clk 0:28:49]} Qd8 {[%clk 0:04:01]} 26. Rb7
{[%clk 0:27:03]} Nxc5 {[%clk 0:03:02]} 27. dxc5 {[%clk 0:24:18]} Qxd5
{[%clk 0:03:30]} 28. Rxe7 {[%clk 0:24:30]} Rb8 {[%clk 0:02:35]} 29. Rxg7+
{[%clk 0:23:42]} Kf8 {[%clk 0:03:05]} 30. Qd7 {[%clk 0:23:41]} Qxd7
{[%clk 0:02:37]} 31. Rxd7 {[%clk 0:24:04]} Rc6 {[%clk 0:02:24]} 32. Bd4
{[%clk 0:24:14]} f4 {[%clk 0:01:40]} 33. gxf4 {[%clk 0:23:56]} Rb4
{[%clk 0:02:08]} 34. Rxh7 {[%clk 0:23:57]} a5 {[%clk 0:01:04]} 35. f5
{[%clk 0:24:01]} a4 {[%clk 0:01:12]} 36. Kh3 {[%clk 0:23:26]} a3 {[%clk 0:01:13]}
37. Rg1 {[%clk 0:23:36]} 1-0

[Event "WCO2014"]
[Site "Tromso"]
[Date "2014.08.03"]
[Round "2.18"]
[WhiteID "1620550"]
[White "Exler Veronika"]
[BlackID "12801496"]
[Black "Zaksaite Salomeja"]
[Result "1/2-1/2"]
[LiveChessVersion "1.4.3"]
[BlackElo "2170"]
[WhiteElo "2189"]

1. d4 {[%clk 1:30:58]} Nf6 {[%clk 1:30:44]} 2. c4 {[%clk 1:31:24]} g6
{[%clk 1:31:11]} 3. Nf3 {[%clk 1:31:48]} Bg7 {[%clk 1:31:36]} 4. g3
{[%clk 1:32:13]} d5 {[%clk 1:28:48]} 5. cxd5 {[%clk 1:32:37]} Nxd5
{[%clk 1:29:13]} 6. Bg2 {[%clk 1:32:59]} Nb6 {[%clk 1:29:09]} 7. O-O
{[%clk 1:33:14]} Nc6 {[%clk 1:29:10]} 8. Nc3 {[%clk 1:33:36]} O-O
{[%clk 1:16:50]} 9. Bf4 {[%clk 1:33:59]} Be6 {[%clk 1:06:00]} 10. Qc1
{[%clk 1:33:24]} Nxd4 {[%clk 0:59:36]} 11. Nxd4 {[%clk 1:33:42]} Qxd4
{[%clk 0:59:09]} 12. Bxb7 {[%clk 1:33:48]} Rab8 {[%clk 0:55:57]} 13. Bf3
{[%clk 1:34:09]} Nc4 {[%clk 0:35:52]} 14. Rd1 {[%clk 1:34:09]} Qc5
{[%clk 0:17:19]} 15. b3 {[%clk 1:28:02]} Ne5 {[%clk 0:14:22]} 16. Nd5
{[%clk 1:18:27]} Nxf3+ {[%clk 0:14:36]} 17. exf3 {[%clk 1:18:50]} Qxd5
{[%clk 0:13:43]} 18. Rxd5 {[%clk 1:18:59]} Bxd5 {[%clk 0:13:47]} 19. Bh6
{[%clk 1:08:02]} Bxh6 {[%clk 0:12:48]} 20. Qxh6 {[%clk 1:08:21]} Bxf3
{[%clk 0:12:09]} 21. Qe3 {[%clk 1:04:05]} Bd5 {[%clk 0:11:11]} 22. Qxe7
{[%clk 1:02:51]} c6 {[%clk 0:07:55]} 23. Re1 {[%clk 1:01:02]} a5 {[%clk 0:07:15]}
24. h4 {[%clk 0:57:37]} h5 {[%clk 0:07:40]} 25. Qe2 {[%clk 0:34:47]} Rb5
{[%clk 0:05:38]} 26. Qd2 {[%clk 0:25:53]} Rfb8 {[%clk 0:05:13]} 27. Qc3
{[%clk 0:10:08]} Rb4 {[%clk 0:04:25]} 28. Kf1 {[%clk 0:09:46]} Kh7
{[%clk 0:03:24]} 29. Re3 {[%clk 0:06:26]} a4 {[%clk 0:03:23]} 30. Re8
{[%clk 0:05:58]} Rxe8 {[%clk 0:03:04]} 31. Qxb4 {[%clk 0:06:27]} axb3
{[%clk 0:02:53]} 32. axb3 {[%clk 0:06:56]} Ra8 {[%clk 0:02:44]} 33. Qb7
{[%clk 0:02:16]} Ra1+ {[%clk 0:02:41]} 34. Ke2 {[%clk 0:02:45]} Ra2+
{[%clk 0:03:00]} 35. Ke1 {[%clk 0:02:33]} Ra1+ {[%clk 0:01:59]} 36. Kd2
{[%clk 0:02:45]} Ra2+ {[%clk 0:01:40]} 37. Ke1 {[%clk 0:03:13]} Ra1+
{[%clk 0:01:35]} 38. Kd2 {[%clk 0:03:42]} Ra2+ {[%clk 0:01:14]} 1/2-1/2

[Event "WCO2014"]
[Site "Tromso"]
[Date "2014.08.03"]
[Round "2.19"]
[WhiteID "12800341"]
[White "Domarkaite Laima"]
[BlackID "1621629"]
[Black "Newrkla Katharina"]
[Result "0-1"]
[LiveChessVersion "1.4.3"]
[BlackElo "2135"]
[WhiteElo "2160"]

1. e4 {[%clk 1:30:58]} e5 {[%clk 1:30:55]} 2. Nf3 {[%clk 1:31:17]} Nc6
{[%clk 1:31:20]} 3. Bc4 {[%clk 1:31:35]} Nf6 {[%clk 1:31:44]} 4. d3
{[%clk 1:31:55]} Be7 {[%clk 1:32:06]} 5. O-O {[%clk 1:31:55]} O-O
{[%clk 1:32:30]} 6. Re1 {[%clk 1:31:10]} d6 {[%clk 1:32:28]} 7. a4
{[%clk 1:29:30]} Na5 {[%clk 1:32:36]} 8. Ba2 {[%clk 1:28:09]} c5 {[%clk 1:32:48]}
9. c3 {[%clk 1:25:25]} Nc6 {[%clk 1:32:29]} 10. Nbd2 {[%clk 0:59:25]} Be6
{[%clk 1:31:25]} 11. Nf1 {[%clk 0:53:52]} h6 {[%clk 1:21:53]} 12. Ng3
{[%clk 0:46:35]} Bxa2 {[%clk 1:13:31]} 13. Rxa2 {[%clk 0:46:44]} d5
{[%clk 1:11:34]} 14. Qe2 {[%clk 0:41:41]} Re8 {[%clk 1:06:05]} 15. Ra1
{[%clk 0:34:38]} Bf8 {[%clk 1:04:54]} 16. Nf5 {[%clk 0:25:24]} Qd7
{[%clk 0:50:00]} 17. Nd2 {[%clk 0:15:11]} g6 {[%clk 0:42:24]} 18. Ng3
{[%clk 0:14:53]} Rad8 {[%clk 0:42:00]} 19. Ndf1 {[%clk 0:12:26]} Na5
{[%clk 0:38:31]} 20. Qc2 {[%clk 0:05:06]} dxe4 {[%clk 0:35:10]} 21. dxe4
{[%clk 0:04:46]} c4 {[%clk 0:30:29]} 22. Be3 {[%clk 0:02:48]} Nb3
{[%clk 0:30:25]} 23. Rad1 {[%clk 0:02:12]} Qxa4 {[%clk 0:28:32]} 24. Ra1
{[%clk 0:02:13]} Qc6 {[%clk 0:25:57]} 25. Rxa7 {[%clk 0:02:13]} Ng4
{[%clk 0:24:16]} 26. Ra2 {[%clk 0:01:35]} Nxe3 {[%clk 0:19:25]} 27. Rxe3
{[%clk 0:01:40]} Rd7 {[%clk 0:19:03]} 28. Re2 {[%clk 0:01:47]} Red8
{[%clk 0:17:52]} 29. h3 {[%clk 0:01:15]} Rd1 {[%clk 0:15:16]} 30. Re3
{[%clk 0:00:43]} R8d2 {[%clk 0:14:21]} 31. Qxd1 {[%clk 0:00:41]} Rxd1
{[%clk 0:14:43]} 32. Kh2 {[%clk 0:00:39]} h5 {[%clk 0:14:25]} 33. h4
{[%clk 0:00:51]} Qf6 {[%clk 0:13:12]} 34. Kh3 {[%clk 0:00:43]} Be7
{[%clk 0:12:40]} 0-1

[Event "WCO2014"]
[Site "Tromso"]
[Date "2014.08.03"]
[Round "2.20"]
[WhiteID "12000086"]
[White "Novkovic Julia"]
[BlackID "12803243"]
[Black "Batkovskyte Dominyka"]
[Result "1-0"]
[LiveChessVersion "1.4.3"]
[BlackElo "2117"]
[WhiteElo "2131"]

1. e4 {[%clk 1:30:57]} c5 {[%clk 1:30:39]} 2. Nc3 {[%clk 1:30:28]} Nc6
{[%clk 1:30:23]} 3. g3 {[%clk 1:30:52]} g6 {[%clk 1:30:33]} 4. Bg2
{[%clk 1:31:05]} Bg7 {[%clk 1:30:47]} 5. d3 {[%clk 1:31:25]} d6 {[%clk 1:30:31]}
6. Be3 {[%clk 1:30:34]} e5 {[%clk 1:29:22]} 7. Qd2 {[%clk 1:27:50]} Nge7
{[%clk 1:28:46]} 8. f4 {[%clk 1:22:26]} O-O {[%clk 1:21:06]} 9. Nf3
{[%clk 1:21:50]} Rb8 {[%clk 1:19:26]} 10. O-O {[%clk 1:18:46]} Nd4
{[%clk 1:12:27]} 11. Nh4 {[%clk 1:06:35]} b5 {[%clk 0:38:30]} 12. Nd1
{[%clk 0:58:06]} f5 {[%clk 0:30:50]} 13. c3 {[%clk 0:57:11]} exf4
{[%clk 0:29:15]} 14. gxf4 {[%clk 0:45:54]} Ne6 {[%clk 0:26:45]} 15. exf5
{[%clk 0:39:25]} Nxf5 {[%clk 0:25:52]} 16. Nxf5 {[%clk 0:39:49]} Rxf5
{[%clk 0:26:14]} 17. Be4 {[%clk 0:39:46]} Rf8 {[%clk 0:23:44]} 18. Qg2
{[%clk 0:34:36]} Kh8 {[%clk 0:15:56]} 19. Rc1 {[%clk 0:21:56]} Qe7
{[%clk 0:14:07]} 20. Rc2 {[%clk 0:19:06]} Nc7 {[%clk 0:09:54]} 21. Re2
{[%clk 0:16:12]} Be6 {[%clk 0:07:34]} 22. b4 {[%clk 0:14:03]} Qd7
{[%clk 0:03:08]} 23. Bc6 {[%clk 0:08:19]} Qc8 {[%clk 0:03:30]} 24. Rfe1
{[%clk 0:08:26]} Bg4 {[%clk 0:01:09]} 25. Rc2 {[%clk 0:07:23]} Na6
{[%clk 0:00:59]} 26. Nf2 {[%clk 0:06:06]} Bf5 {[%clk 0:01:10]} 27. bxc5
{[%clk 0:04:25]} dxc5 {[%clk 0:00:45]} 28. Be4 {[%clk 0:04:12]} b4
{[%clk 0:00:37]} 29. cxb4 {[%clk 0:04:15]} Rxb4 {[%clk 0:00:50]} 30. Rec1
{[%clk 0:04:31]} Bd4 {[%clk 0:00:39]} 31. Bxd4+ {[%clk 0:04:28]} Rxd4
{[%clk 0:01:08]} 32. Qg5 {[%clk 0:03:13]} Qe6 {[%clk 0:00:38]} 33. h4
{[%clk 0:02:38]} Qd6 {[%clk 0:00:38]} 34. Re1 {[%clk 0:01:33]} Bxe4
{[%clk 0:00:36]} 35. Nxe4 {[%clk 0:01:17]} Qxf4 {[%clk 0:00:39]} 36. Rf2
{[%clk 0:00:50]} Qxg5+ {[%clk 0:00:42]} 37. hxg5 {[%clk 0:01:19]} Re8
{[%clk 0:00:49]} 38. Rc1 {[%clk 0:01:12]} Rxd3 {[%clk 0:00:35]} 39. Nf6
{[%clk 0:00:43]} Rf8 {[%clk 0:00:37]} 40. Rh2 {[%clk 0:00:41]} h5
{[%clk 0:00:52]} 41. Rg2 {[%clk 0:28:13]} Kg7 {[%clk 0:20:45]} 42. Re1
{[%clk 0:25:42]} Nc7 {[%clk 0:17:57]} 43. Re7+ {[%clk 0:25:18]} Rf7
{[%clk 0:18:16]} 44. Rxc7 {[%clk 0:25:41]} Rxc7 {[%clk 0:15:41]} 45. Ne8+
{[%clk 0:26:06]} Kf7 {[%clk 0:15:44]} 46. Nxc7 {[%clk 0:26:29]} c4
{[%clk 0:13:57]} 47. Kf1 {[%clk 0:19:39]} Ke7 {[%clk 0:07:52]} 48. Rc2
{[%clk 0:18:25]} Rg3 {[%clk 0:07:01]} 49. Rxc4 {[%clk 0:15:01]} Rxg5
{[%clk 0:07:06]} 50. a4 {[%clk 0:11:51]} Rf5+ {[%clk 0:06:42]} 51. Kg2
{[%clk 0:10:36]} Kd7 {[%clk 0:05:29]} 52. Nb5 {[%clk 0:10:17]} a6
{[%clk 0:05:21]} 53. Nc7 {[%clk 0:09:57]} Rg5+ {[%clk 0:04:26]} 54. Kh2
{[%clk 0:09:35]} a5 {[%clk 0:00:42]} 55. Nb5 {[%clk 0:08:30]} Rg4
{[%clk 0:00:42]} 56. Rxg4 {[%clk 0:07:35]} hxg4 {[%clk 0:01:10]} 57. Nd4
{[%clk 0:07:50]} Kd6 {[%clk 0:00:32]} 58. Nb3 {[%clk 0:08:12]} Kd5
{[%clk 0:00:32]} 59. Nxa5 {[%clk 0:08:30]} Kc5 {[%clk 0:00:33]} 60. Nb3+
{[%clk 0:08:54]} Kb4 {[%clk 0:00:38]} 61. a5 {[%clk 0:09:18]} Kb5
{[%clk 0:00:55]} 62. Kg3 {[%clk 0:09:42]} Ka6 {[%clk 0:01:11]} 63. Kxg4
{[%clk 0:10:10]} Kb5 {[%clk 0:01:28]} 64. Kg5 {[%clk 0:10:36]} Ka6
{[%clk 0:01:54]} 65. Kxg6 {[%clk 0:11:00]} Kb5 {[%clk 0:02:22]} 66. Kf6
{[%clk 0:11:23]} Ka6 {[%clk 0:02:49]} 67. Ke6 {[%clk 0:11:46]} Kb5
{[%clk 0:03:07]} 68. Kd6 {[%clk 0:11:49]} Ka6 {[%clk 0:03:34]} 69. Kc7
{[%clk 0:12:05]} Ka7 {[%clk 0:04:01]} 70. Nc5 {[%clk 0:12:22]} Ka8
{[%clk 0:04:27]} 71. Kb6 {[%clk 0:12:30]} Kb8 {[%clk 0:04:55]} 72. Na6+
{[%clk 0:12:42]} Ka8 {[%clk 0:05:23]} 73. Nc7+ {[%clk 0:13:07]} 1-0

[Event "WCO2014"]
[Site "Tromso"]
[Date "2014.08.03"]
[Round "2.13"]
[WhiteID "4501993"]
[White "Golubenko Valentina"]
[BlackID "14603314"]
[Black "Srebrnic Ana"]
[Result "1/2-1/2"]
[LiveChessVersion "1.4.3"]
[BlackElo "2251"]
[WhiteElo "2269"]

1. d4 {[%clk 1:30:54]} d6 {[%clk 1:30:25]} 2. Nf3 {[%clk 1:31:10]} Bg4
{[%clk 1:30:18]} 3. e3 {[%clk 1:30:57]} Nf6 {[%clk 1:27:44]} 4. Be2
{[%clk 1:30:58]} Nbd7 {[%clk 1:27:24]} 5. O-O {[%clk 1:30:12]} e5
{[%clk 1:24:48]} 6. h3 {[%clk 1:27:26]} Bxf3 {[%clk 1:14:14]} 7. Bxf3
{[%clk 1:27:44]} c6 {[%clk 1:11:01]} 8. c4 {[%clk 1:26:51]} Be7 {[%clk 0:54:24]}
9. Nc3 {[%clk 1:26:13]} O-O {[%clk 0:54:40]} 10. Rb1 {[%clk 1:14:28]} a5
{[%clk 0:49:06]} 11. Qc2 {[%clk 1:11:21]} Qc7 {[%clk 0:44:11]} 12. a3
{[%clk 1:07:20]} Nb6 {[%clk 0:39:40]} 13. b3 {[%clk 1:03:45]} Rfe8
{[%clk 0:34:20]} 14. Bb2 {[%clk 1:01:56]} Bf8 {[%clk 0:32:56]} 15. Rbc1
{[%clk 0:55:51]} Qe7 {[%clk 0:30:35]} 16. dxe5 {[%clk 0:50:19]} dxe5
{[%clk 0:28:36]} 17. Ne4 {[%clk 0:49:45]} Nbd7 {[%clk 0:22:11]} 18. Ng3
{[%clk 0:43:49]} Qe6 {[%clk 0:19:36]} 19. Rfd1 {[%clk 0:42:05]} Nc5
{[%clk 0:15:54]} 20. b4 {[%clk 0:33:53]} axb4 {[%clk 0:15:20]} 21. axb4
{[%clk 0:34:17]} Na4 {[%clk 0:15:27]} 22. c5 {[%clk 0:27:24]} Nxb2
{[%clk 0:12:54]} 23. Qxb2 {[%clk 0:27:47]} g6 {[%clk 0:11:33]} 24. b5
{[%clk 0:18:16]} e4 {[%clk 0:09:22]} 25. Be2 {[%clk 0:18:06]} Qe5
{[%clk 0:09:00]} 26. Qd4 {[%clk 0:12:30]} h5 {[%clk 0:04:33]} 27. Bc4
{[%clk 0:06:38]} Kg7 {[%clk 0:03:50]} 28. Bf1 {[%clk 0:05:31]} Ra2
{[%clk 0:01:27]} 29. Ne2 {[%clk 0:02:22]} Rb2 {[%clk 0:01:03]} 30. Nc3
{[%clk 0:01:09]} h4 {[%clk 0:00:55]} 31. Na4 {[%clk 0:00:44]} Ra2
{[%clk 0:00:58]} 32. Qc4 {[%clk 0:00:40]} Qe6 {[%clk 0:00:34]} 33. Nb6
{[%clk 0:00:36]} Qxc4 {[%clk 0:00:37]} 34. Bxc4 {[%clk 0:00:47]} Rb2
{[%clk 0:00:36]} 35. bxc6 {[%clk 0:00:46]} bxc6 {[%clk 0:01:01]} 36. Nd7
{[%clk 0:00:39]} Nxd7 {[%clk 0:00:36]} 37. Rxd7 {[%clk 0:01:05]} Re7
{[%clk 0:00:57]} 38. Rcd1 {[%clk 0:00:46]} Rc2 {[%clk 0:00:53]} 39. R7d4
{[%clk 0:00:38]} Re5 {[%clk 0:00:45]} 40. Bb3 {[%clk 0:00:44]} Rcxc5
{[%clk 0:00:38]} 41. Rc4 {[%clk 0:28:45]} Rxc4 {[%clk 0:23:31]} 42. Bxc4
{[%clk 0:29:04]} Be7 {[%clk 0:22:56]} 43. Bb3 {[%clk 0:26:37]} f5
{[%clk 0:18:56]} 44. Rc1 {[%clk 0:25:35]} c5 {[%clk 0:17:04]} 45. Rd1
{[%clk 0:25:53]} Bf6 {[%clk 0:16:42]} 46. Rd5 {[%clk 0:21:57]} Rxd5
{[%clk 0:15:36]} 47. Bxd5 {[%clk 0:22:24]} Bc3 {[%clk 0:16:00]} 48. f3
{[%clk 0:21:52]} exf3 {[%clk 0:16:10]} 49. gxf3 {[%clk 0:22:14]} g5
{[%clk 0:14:14]} 50. Kf2 {[%clk 0:17:12]} Kf6 {[%clk 0:13:54]} 51. Ke2
{[%clk 0:17:29]} Ke5 {[%clk 0:13:31]} 52. Bc4 {[%clk 0:17:13]} Bb2
{[%clk 0:12:41]} 53. Bg8 {[%clk 0:16:47]} f4 {[%clk 0:12:01]} 54. exf4+
{[%clk 0:16:52]} Kxf4 {[%clk 0:11:41]} 55. Bf7 {[%clk 0:13:58]} Bc1
{[%clk 0:08:05]} 56. Be6 {[%clk 0:13:46]} Ke5 {[%clk 0:08:28]} 57. Bg4
{[%clk 0:14:06]} Kd4 {[%clk 0:08:16]} 58. Kd1 {[%clk 0:14:29]} Bf4
{[%clk 0:08:31]} 59. Kc2 {[%clk 0:14:53]} c4 {[%clk 0:08:36]} 60. Bh5
{[%clk 0:15:09]} c3 {[%clk 0:08:47]} 1/2-1/2

[Event "WCO2014"]
[Site "Tromso"]
[Date "2014.08.03"]
[Round "2.14"]
[WhiteID "14601982"]
[White "Krivec Jana"]
[BlackID "14507943"]
[Black "Franciskovic Borka"]
[Result "0-1"]
[LiveChessVersion "1.4.3"]
[BlackElo "2318"]
[WhiteElo "2259"]

1. e4 {[%clk 1:30:57]} c6 {[%clk 1:30:56]} 2. Nc3 {[%clk 1:31:22]} d5
{[%clk 1:31:21]} 3. Nf3 {[%clk 1:31:46]} dxe4 {[%clk 1:30:31]} 4. Nxe4
{[%clk 1:32:10]} Nf6 {[%clk 1:30:12]} 5. Nxf6+ {[%clk 1:32:31]} exf6
{[%clk 1:30:38]} 6. d4 {[%clk 1:32:50]} Bd6 {[%clk 1:29:47]} 7. Be2
{[%clk 1:32:46]} O-O {[%clk 1:29:23]} 8. O-O {[%clk 1:32:59]} Re8
{[%clk 1:27:30]} 9. h3 {[%clk 1:33:20]} Nd7 {[%clk 1:25:36]} 10. Bd3
{[%clk 1:22:04]} Nf8 {[%clk 1:18:36]} 11. c4 {[%clk 1:11:26]} Ng6
{[%clk 1:09:10]} 12. Qc2 {[%clk 1:11:12]} Be6 {[%clk 1:05:48]} 13. Be3
{[%clk 1:06:43]} Qd7 {[%clk 1:00:04]} 14. h4 {[%clk 0:37:26]} Bg4
{[%clk 0:51:53]} 15. Nh2 {[%clk 0:36:31]} Nxh4 {[%clk 0:44:30]} 16. Bxh7+
{[%clk 0:36:08]} Kh8 {[%clk 0:41:17]} 17. Be4 {[%clk 0:28:36]} f5
{[%clk 0:25:39]} 18. Nxg4 {[%clk 0:26:06]} fxe4 {[%clk 0:23:37]} 19. Qe2
{[%clk 0:25:17]} Qf5 {[%clk 0:21:48]} 20. f4 {[%clk 0:17:23]} exf3
{[%clk 0:19:51]} 21. gxf3 {[%clk 0:17:48]} Bf4 {[%clk 0:17:58]} 22. Kf2
{[%clk 0:16:32]} Bxe3+ {[%clk 0:13:17]} 23. Nxe3 {[%clk 0:16:55]} Qf4
{[%clk 0:12:47]} 24. Rh1 {[%clk 0:12:49]} Kg8 {[%clk 0:11:37]} 25. Rad1
{[%clk 0:04:09]} Nf5 {[%clk 0:10:02]} 26. Rd3 {[%clk 0:04:35]} Ng3
{[%clk 0:08:07]} 27. Qd1 {[%clk 0:03:43]} Nxh1+ {[%clk 0:07:57]} 28. Qxh1
{[%clk 0:04:09]} Re6 {[%clk 0:07:22]} 29. Ng4 {[%clk 0:03:28]} Rae8
{[%clk 0:07:10]} 30. Qd1 {[%clk 0:03:52]} Rg6 {[%clk 0:06:07]} 31. Ne5
{[%clk 0:03:50]} Qh2+ {[%clk 0:05:44]} 32. Ke3 {[%clk 0:04:14]} f6
{[%clk 0:05:22]} 0-1

[Event "WCO2014"]
[Site "Tromso"]
[Date "2014.08.03"]
[Round "2.15"]
[WhiteID "14504111"]
[White "Jelica Mara"]
[BlackID "14609215"]
[Black "Unuk Laura"]
[Result "0-1"]
[LiveChessVersion "1.4.3"]
[BlackElo "2221"]
[WhiteElo "2184"]

1. e4 {[%clk 1:30:58]} e6 {[%clk 1:30:41]} 2. d4 {[%clk 1:31:23]} d5
{[%clk 1:30:57]} 3. Nd2 {[%clk 1:31:46]} Nf6 {[%clk 1:30:47]} 4. e5
{[%clk 1:32:11]} Nfd7 {[%clk 1:31:11]} 5. f4 {[%clk 1:32:33]} c5 {[%clk 1:31:31]}
6. c3 {[%clk 1:32:59]} Nc6 {[%clk 1:31:44]} 7. Ndf3 {[%clk 1:33:20]} Qb6
{[%clk 1:31:48]} 8. a3 {[%clk 1:33:25]} cxd4 {[%clk 1:31:48]} 9. cxd4
{[%clk 1:33:47]} Na5 {[%clk 1:31:53]} 10. h4 {[%clk 1:31:14]} Nb3
{[%clk 1:24:34]} 11. Rb1 {[%clk 1:30:43]} Nxc1 {[%clk 1:19:45]} 12. Qxc1
{[%clk 1:28:40]} Be7 {[%clk 1:19:53]} 13. h5 {[%clk 1:27:56]} f5 {[%clk 1:13:59]}
14. Bd3 {[%clk 1:25:49]} Qd8 {[%clk 1:11:06]} 15. Ng5 {[%clk 1:13:23]} Nb6
{[%clk 1:03:13]} 16. Bb5+ {[%clk 1:10:53]} Kf8 {[%clk 1:02:52]} 17. N1f3
{[%clk 1:09:01]} h6 {[%clk 1:00:36]} 18. Nh3 {[%clk 1:08:59]} Bd7
{[%clk 0:58:35]} 19. Bd3 {[%clk 1:09:02]} Rc8 {[%clk 0:58:15]} 20. Qd1
{[%clk 1:04:22]} Nc4 {[%clk 0:55:20]} 21. Qe2 {[%clk 1:02:57]} Qa5+
{[%clk 0:52:17]} 22. Kf1 {[%clk 1:01:33]} Ke8 {[%clk 0:40:10]} 23. Nf2
{[%clk 1:01:27]} Rf8 {[%clk 0:39:57]} 24. Re1 {[%clk 0:52:45]} Kd8
{[%clk 0:35:49]} 25. g3 {[%clk 0:51:01]} b5 {[%clk 0:34:32]} 26. Kg2
{[%clk 0:51:06]} Qb6 {[%clk 0:33:57]} 27. Nd1 {[%clk 0:47:46]} b4
{[%clk 0:27:56]} 28. axb4 {[%clk 0:46:53]} Bxb4 {[%clk 0:28:17]} 29. Ref1
{[%clk 0:45:43]} Be7 {[%clk 0:27:43]} 30. Rf2 {[%clk 0:44:42]} Na5
{[%clk 0:25:21]} 31. Nc3 {[%clk 0:39:17]} Bb4 {[%clk 0:20:53]} 32. Na2
{[%clk 0:36:43]} Be7 {[%clk 0:18:11]} 33. Nc3 {[%clk 0:36:55]} Nb3
{[%clk 0:13:57]} 34. Qe3 {[%clk 0:33:28]} a5 {[%clk 0:12:01]} 35. Bc2
{[%clk 0:31:20]} a4 {[%clk 0:11:40]} 36. Kh3 {[%clk 0:30:44]} Rc4
{[%clk 0:10:03]} 37. Bxb3 {[%clk 0:27:05]} axb3 {[%clk 0:08:47]} 38. Ra1
{[%clk 0:26:29]} Kc7 {[%clk 0:07:21]} 39. Rg2 {[%clk 0:17:31]} Kb8
{[%clk 0:01:02]} 40. g4 {[%clk 0:16:06]} fxg4+ {[%clk 0:00:59]} 41. Rxg4
{[%clk 0:16:17]} Rf7 {[%clk 0:29:05]} 42. Rg6 {[%clk 0:46:09]} Bf8
{[%clk 0:23:44]} 43. Kg3 {[%clk 0:39:33]} Qb7 {[%clk 0:23:16]} 44. Nh4
{[%clk 0:25:02]} Bb4 {[%clk 0:20:12]} 45. Rc1 {[%clk 0:16:48]} Qc8
{[%clk 0:15:05]} 46. Nf3 {[%clk 0:12:14]} Bxc3 {[%clk 0:10:16]} 47. bxc3
{[%clk 0:12:06]} Ba4 {[%clk 0:10:21]} 48. Qd2 {[%clk 0:05:22]} Rb7
{[%clk 0:09:39]} 49. Qb2 {[%clk 0:05:18]} Be8 {[%clk 0:09:50]} 50. Nd2
{[%clk 0:01:27]} Ra4 {[%clk 0:09:15]} 51. Nxb3 {[%clk 0:01:01]} Bxg6
{[%clk 0:09:19]} 52. hxg6 {[%clk 0:01:25]} Qc4 {[%clk 0:09:12]} 53. Rb1
{[%clk 0:01:39]} Qd3+ {[%clk 0:07:55]} 54. Kh4 {[%clk 0:01:10]} Qxg6
{[%clk 0:07:48]} 55. Nc5 {[%clk 0:00:59]} Qxb1 {[%clk 0:00:37]} 56. Qxb1
{[%clk 0:01:25]} Rxb1 {[%clk 0:01:02]} 57. Nxa4 {[%clk 0:01:51]} Rb7
{[%clk 0:00:53]} 58. Kh5 {[%clk 0:01:18]} Kc8 {[%clk 0:00:37]} 0-1